Cat shining bright. #20 / Shirley Rousseau Murphy.
Available copies
- 2 of 2 copies available at LARL/NWRL Consortium.
- 2 of 2 copies available at Lake Agassiz Regional Library. (Show preferred library)
Current holds
0 current holds with 2 total copies.
Show All Copies
| Location | Call Number / Copy Notes | Barcode | Shelving Location | Status | Due Date |
|---|---|---|---|---|---|
| Ada Public Library | M MUR (Text) | 33500012561957 | Main | Available | - |
| Moorhead Public Library | M MUR (Text) | 33500012561965 | Main | Available | - |
Record details
- ISBN: 9780062460318
- ISBN: 0062460315
- Physical Description: pages.
- Edition: First edition.
- Publisher: New York : William Morrow, [2017]
Content descriptions
| Summary, etc.: | "The stakes are higher and more personal than ever ... Read More |
Search for related items by subject
| Genre: | Mystery fiction. Fiction. |
Search for related items by series
| LDR | 03374cam a22005658i 4500 | ||
|---|---|---|---|
| 001 | 258695 | ||
| 003 | LARL_NWRL_CONSORTIUM | ||
| 005 | 20170824160416.0 | ||
| 008 | 170310s2017 nyu 000 1 eng | ||
| 010 | . | ‡a 2017005473 | |
| 040 | . | ‡aDLC ‡beng ‡erda ‡cDLC ‡dYDX ‡dBDX ‡dOCLCO ‡dOCLCQ ‡dOCLCF | |
| 020 | . | ‡a9780062460318 ‡q(hardcover) | |
| 020 | . | ‡a0062460315 ‡q(hardcover) | |
| 035 | . | ‡a(OCoLC)960711698 | |
| 042 | . | ‡apcc | |
| 043 | . | ‡an-us-ca | |
| 082 | 0 | 0. | ‡a813/.54 ‡223 |
| 084 | . | ‡aFIC022000 ‡aFIC000000 ‡2bisacsh | |
| 100 | 1 | . | ‡aMurphy, Shirley Rousseau, ‡eauthor. ‡0(LARL_NWRL_CONSORTIUM)62103 |
| 245 | 1 | 0. | ‡aCat shining bright. ‡n#20 / ‡cShirley Rousseau Murphy. |
| 250 | . | ‡aFirst edition. | |
| 264 | 1. | ‡aNew York : ‡bWilliam Morrow, ‡c[2017] | |
| 300 | . | ‡apages. | |
| 336 | . | ‡atext ‡btxt ‡2rdacontent | |
| 337 | . | ‡aunmediated ‡bn ‡2rdamedia | |
| 338 | . | ‡avolume ‡bnc ‡2rdacarrier | |
| 490 | 0 | . | ‡aJoe Grey ; ‡v20 |
| 520 | . | ‡a"The stakes are higher and more personal than ever for feline investigator Joe Grey when death comes to his beloved coastal California town in this twentieth installment of the enchanting cat mystery series. While new father Joe Grey is overjoyed to teach his three young kittens about the world, he misses his cop work -- secretly helping solve crimes alongside his human friends at Molena Point P.D. But when beautician Barbara Conley and one of her customers are found dead in the salon, Joe makes an exception, he heads for the crime scene. He has no idea that the kittens are following him, or how they will complicate the investigation. But this is not the only danger to the kittens. A stranger is lurking around the home of Joe's tabby lady, Dulcie, where the kittens were born. Both parents' backs are up and their claws out, ready to protect their babies and to protect Wilma Getz, Dulcie's human housemate. As the death of the beautician becomes entangled with a gang of thieves working the village, Joe, Dulcie, Kit and Pan are all into the investigation; and they are led to unexpected connections, to the building of the new cat shelter and to a neighbor who becomes suddenly an unexpected part of the tangle. Joe Grey fans will relish this latest installment following their favorite feline detective and his growing group of friends"-- ‡cProvided by publisher. | |
| 650 | 0. | ‡aGrey, Joe (Fictitious character) ‡vFiction. | |
| 650 | 0. | ‡aDulcie (Fictitious character) ‡vFiction. | |
| 650 | 0. | ‡aCats ‡vFiction. ‡0(LARL_NWRL_CONSORTIUM)164102 | |
| 650 | 0. | ‡aPrivate investigators ‡zCalifornia ‡vFiction. ‡0(LARL_NWRL_CONSORTIUM)166941 | |
| 650 | 0. | ‡aMurder ‡xInvestigation ‡vFiction. ‡0(LARL_NWRL_CONSORTIUM)166203 | |
| 650 | 7. | ‡aFICTION ‡xMystery & Detective ‡xGeneral. ‡2bisacsh | |
| 650 | 7. | ‡aFICTION ‡xGeneral. ‡2bisacsh | |
| 650 | 7. | ‡aCats. ‡2fast ‡0(LARL_NWRL_CONSORTIUM)16024 | |
| 650 | 7. | ‡aDulcie (Fictitious character) ‡2fast | |
| 650 | 7. | ‡aGrey, Joe (Fictitious character) ‡2fast ‡0(LARL_NWRL_CONSORTIUM)42112 | |
| 650 | 7. | ‡aMurder ‡xInvestigation. ‡2fast ‡0(LARL_NWRL_CONSORTIUM)26286 | |
| 650 | 7. | ‡aPrivate investigators. ‡2fast ‡0(LARL_NWRL_CONSORTIUM)36885 | |
| 651 | 7. | ‡aCalifornia. ‡2fast ‡0(LARL_NWRL_CONSORTIUM)56370 | |
| 655 | 7. | ‡aMystery fiction. ‡2gsafd | |
| 655 | 7. | ‡aFiction. ‡2fast | |
| 905 | . | ‡uvanderl | |
| 901 | . | ‡a258695 ‡b ‡c258695 ‡tbiblio ‡soclc | |

Add to basket
Permalink
Disable Highlighting